| 000 | 00487nam a2200157 4500 | ||
|---|---|---|---|
| 001 | 121753 | ||
| 003 | ES-MaACL | ||
| 005 | 20230906191821.0 | ||
| 007 | t| | ||
| 008 | 070214s1951 sp r ||||1| spa d | ||
| 100 | 1 |
_aPlaza Rodríguez, Andrés Ignacio. _992636 |
|
| 245 | 1 | 1 |
_a¡Oasis! _b: poesía / _cAndrés Ignacio Plaza Rodríguez. |
| 260 |
_aBurgos : _b[s. n.], _c1951 ( _fImp. Hijos de Santiago Rodríguez) |
||
| 300 |
_a116 p. ; _c18 cm. |
||
| 852 |
_aES-MaACL _j1921-F-2 _bR.30853 |
||
| 999 |
_c121753 _d121753 |
||